000 00648nam a2200205Ia 4500
003 GCL
008 140319s9999 xx 000 0 ara d
040 _aGCL /
_cGCL
082 0 4 _aق
_b933
_bس م
100 1 _aسمية حسن محمد ابراهيم
245 1 0 _aالمعبد اليهودى بمصر القديمة (بن عزرا) /
_cسمية حسن محمد ابراهيم
300 _a70
490 _aسلسلة دراسات عن الشرق الاوسط
_v0
650 0 4 _aتاريخ
650 0 4 _aالمعابد
650 0 4 _aاليهود
650 0 4 _aالقاهرة
650 0 4 _aالمعابد اليهودية
942 _2ddc
_cBK
999 _c43639
_d43639